Radar and radionavigation : (Record no. 171793)

MARC details
000 -LEADER
fixed length control field 01102cam a2200289 i 4500
001 - CONTROL NUMBER
control field 1348477592
003 - CONTROL NUMBER IDENTIFIER
control field OCoLC
005 - DATE AND TIME OF LATEST TRANSACTION
control field 20250521143411.0
008 - FIXED-LENGTH DATA ELEMENTS--GENERAL INFORMATION
fixed length control field 221023s2023 si a ob 000 0 eng d
020 ## - INTERNATIONAL STANDARD BOOK NUMBER
Canceled/invalid ISBN 9789811961908
040 ## - CATALOGING SOURCE
Original cataloging agency YDX
Language of cataloging eng
Description conventions rda
Transcribing agency NUST
Modifying agency NUST
050 #4 - LIBRARY OF CONGRESS CALL NUMBER
Classification number TL696 KOZ
100 1# - MAIN ENTRY--PERSONAL NAME
Personal name Kozlov, A. I.
Fuller form of name (Anatoliĭ Ivanovich),
Relator term author.
245 10 - TITLE STATEMENT
Title Radar and radionavigation :
Remainder of title pre-professional training for aviation radio specialists /
Statement of responsibility, etc. Anatoly Ivanovich Kozlov, Yuri Grigoryevich Shatrakov, Dmitry Alexandrovich Zatuchny
260 ## - PUBLICATION, DISTRIBUTION, ETC.
Place of publication, distribution, etc. Russia,
Name of publisher, distributor, etc. Springer,
Date of publication, distribution, etc. 2022.
300 ## - PHYSICAL DESCRIPTION
Extent x,124 pages.:
Other physical details illustrations (some color)
Dimensions 25 cm
336 ## - CONTENT TYPE
Content type term text
Content type code txt
Source rdacontent
337 ## - MEDIA TYPE
Media type term unmediated
Media type code n
Source rdamedia
338 ## - CARRIER TYPE
Carrier type term volume
Carrier type code nc
Source rdacarrier
504 ## - BIBLIOGRAPHY, ETC. NOTE
Bibliography, etc. note Includes bibliographical references
650 #0 - SUBJECT ADDED ENTRY--TOPICAL TERM
Topical term or geographic name entry element Radar in aeronautics.
650 #0 - SUBJECT ADDED ENTRY--TOPICAL TERM
Topical term or geographic name entry element Electromagnetic fields.
650 #0 - SUBJECT ADDED ENTRY--TOPICAL TERM
Topical term or geographic name entry element Radio waves.
700 1# - ADDED ENTRY--PERSONAL NAME
Personal name Shatrakov, I͡U. G.
Fuller form of name (I͡Uriĭ Grigorʹevich),
Relator term author
700 1# - ADDED ENTRY--PERSONAL NAME
Personal name Zatuchny, Dmitry Alexandrovich,
Relator term author
942 ## - ADDED ENTRY ELEMENTS (KOHA)
Source of classification or shelving scheme
Suppress in OPAC No
Koha item type Ordinary Loan Books
Classification part TL696.KOZ
Call number prefix TL
Call number suffix KOZ
Holdings
Withdrawn status Lost status Source of classification or shelving scheme Damaged status Not for loan Collection Home library Current library Shelving location Date acquired Source of acquisition Cost, normal purchase price Total Checkouts Full call number Barcode Date last seen Accession number Cost, replacement price Price effective from Koha item type Public note
    LCC     NFIC MAIN MAIN GEN 05/16/2025 Book Aid International 91.00   TL696 KOZ 92004055725 05/16/2025 61502 91.00 05/16/2025 BOOKS Donation